| 000 | 01316 a2200253 4500 | ||
|---|---|---|---|
| 003 | Nust | ||
| 005 | 20221006103027.0 | ||
| 010 | _a 98028075 | ||
| 020 | _a0071164278 | ||
| 040 | _cNust | ||
| 082 | 0 | 0 | _a621.395,KAW |
| 100 | 1 |
_aKang, Sung-Mo, _999238 |
|
| 245 | 1 | 0 |
_aCMOS digital integrated circuits : _banalysis and design / _cSung-Mo (Steve) Kang, Yusuf Leblebici. |
| 250 | _a2nd ed. | ||
| 260 |
_aBoston, MA : _bMcGraw-Hill, _c[1998], c1999. |
||
| 300 |
_axv, 658 p. : _bill. ; _c25 cm. |
||
| 505 | _aIntroduction (Page-1), Fabrication of MOSFETs (Page-20), MOS Transistor (Page-47), MOS Inverters Switching Characteristics (Page-196), Combinational MOS Logic Circuits (Page-259), Sequential MOS Logic Circuits (Page-312), Dynamic Logic Circuits (Page-350), Semiconductor Memories (Page-402), Low Power CMOS Logic Circuits (Page-451), BiCMOS Logic Circuits (Page-491), Modeling of MOS Transistors Using Spice (Page-117), MOS Inverters (Page-141), | ||
| 650 | 0 |
_aDigital integrated circuits. _961563 |
|
| 650 | 0 |
_aMetal oxide semiconductors, Complementary. _915118 |
|
| 700 | 1 |
_aLeblebici, Yusuf. _983485 |
|
| 856 | 4 | 2 |
_3Publisher description _uhttp://www.loc.gov/catdir/description/mh023/98028075.html |
| 856 | 4 | 2 |
_3Table of contents _uhttp://www.loc.gov/catdir/toc/mh022/98028075.html |
| 942 |
_cREF _2ddc |
||
| 999 |
_c175904 _d175904 |
||